01258cam a2200313 a 4500999001900000001000800019003000500027005001700032008004100049010001700090020001500107040001800122041001300140050002400153082001900177100004400196240004000240245011100280260005200391300003300443500008200476501000800558504005400566650005900620856008900679906004500768942002400813952010700837 c330139d3301391115089NUST20170609112249.0930701s1992 ne a be 000 0 eng  a 93173335  a9054102063 aDLCcDLCdDLC1 aenghfre00aTN269b.C43413 199200a553.28 CHA2201 aChapel, Paul,cingénieur I.E.G.9236510aGéophysique appliquée.lEnglish10aHandbook of exploration geophysics /cby Paul A. Chapel ; [translated from the French by Chris Stevenson]. aNew Delhi :bOxford & IBH publishing co,c1991. axv, 411 p. :bill. ;c29 cm. aReviewed, corrected, and completed translation of: Géophysique appliquée. aH.B aIncludes bibliographical references (p. 391-411). 0aProspectingxGeophysical methodsxEncyclopedias.92366423Publisher descriptionuhttp://www.loc.gov/catdir/enhancements/fy0908/93173335-d.html a7bcbccorignewd2encipf19gy-gencatlg 2ddccBKk553.28 CHA 00102ddc40708NFICaIESEbIESEcGENd2017-06-09l0o553.28 CHApIESE-33r2017-06-09w2017-06-09yBK